Konkurencieschopnosť slovenských podnikov na trhu Európskej únie

Hlavné konkurenčné výhody, respektíve nevýhody slovenských podnikov a identifikovanie najdôležitejších faktorov ovplyvňujúcich konkurencieschopnosť slovenských podnikov.

Gespeichert in:
Bibliographische Detailangaben
1. Verfasser: Chudá, Jana
Weitere Verfasser: Kopaničová, Janka, 1979-
Format: Buchkapitel
Sprache:Slowakisch
Schlagworte:
Tags: Tag hinzufügen
Keine Tags, Fügen Sie das erste Tag hinzu!

MARC

LEADER 00000nla a2200000 4500
001 0175959
005 20240502073013.3
041 0 |a slo 
044 |a SK 
245 1 0 |a Konkurencieschopnosť slovenských podnikov na trhu Európskej únie  |c Jana Chudá, Janka Kopaničová 
520 |a Hlavné konkurenčné výhody, respektíve nevýhody slovenských podnikov a identifikovanie najdôležitejších faktorov ovplyvňujúcich konkurencieschopnosť slovenských podnikov. 
610 2 0 |a Slovensko 
610 2 0 |a Európska únia 
610 2 0 |a trh zahraničný 
610 2 0 |a priemysel 
610 2 0 |a výhody konkurenčné 
610 2 0 |a konkurencieschopnosť 
610 2 0 |a konkurencia 
100 1 |a Chudá, Jana 
700 1 |a Kopaničová, Janka, 1979-